[Event "34th Olympiad"]
[Site "Istanbul TUR"]
[Date "2000.10.29"]
[Round "2"]
[White "Speelman,J"]
[Black "Hernandez Basante,F"]
[Result "1-0"]
[WhiteElo "2623"]
[BlackElo "2309"]

1.d4 d5 2.Nf3 Nf6 3.c4 c6 4.Nc3 dxc4 5.a4 Bf5 6.e3 e6 7.Bxc4 Bb4 8.O-O Nbd7
9.Qe2 Bg6 10.h3 O-O 11.Rd1 Qe7 12.Nh4 Bh5 13.g4 Nd5 14.Ng2 Bxc3 15.bxc3 Nxc3
16.Qc2 Nxd1 17.gxh5 Nxf2 18.Qxf2 Qg5 19.Be2 Nf6 20.e4 Qa5 21.Bf3 Rfd8 22.h6 Qc3
23.Bb2 Qd3 24.Nf4 Qc4 25.Nh5 Nxh5 26.Bxh5 Rd7 27.Kh2 e5 28.Rg1 f5 29.Qxf5 Qc2+
30.Kh1 Qxe4+ 31.Bf3 Qf4 32.Qf6 g6 33.Qxf4 Kh8  1-0

[Event "34th Olympiad"]
[Site "Istanbul TUR"]
[Date "2000.11.05"]
[Round "8"]
[White "Kempinski,R"]
[Black "Speelman,J"]
[Result "1-0"]
[WhiteElo "2522"]
[BlackElo "2623"]

1.d4 Nf6 2.c4 e6 3.Nf3 b6 4.g3 Ba6 5.Nbd2 Bb7 6.Bg2 c5 7.dxc5 Bxc5 8.O-O O-O
9.Nb3 Be7 10.Bf4 Na6 11.Nbd4 Nc5 12.Nb5 Nce4 13.Rc1 a6 14.Nd6 Nxd6 15.Bxd6 Rc8
16.Ne5 Bxg2 17.Kxg2 b5 18.c5 Nd5 19.Bxe7 Qxe7 20.e4 f6 21.Nxd7 Qxd7 22.exd5 exd5
23.Qd4 a5 24.Rfe1 b4 25.Re3 Rc6 26.a3 Rb8 27.Rd1 bxa3 28.Rxa3 Rb5 29.Qxd5+ Qxd5+
30.Rxd5 Rc8 31.Rc3 Rc7 32.b3 Kf7 33.g4 Ke7 34.h3 h6 35.h4 Ke6 36.Rd6+ Ke7
37.Rd5 Ke6 38.Rh5 Rc8 39.Rf5 Rcb8 40.c6 Rxf5 41.gxf5+ Kxf5 42.h5 Kg4 43.c7 Rc8
44.Rg3+ Kf4 45.Rxg7 f5 46.f3 Re8 47.Kf2 Rc8 48.Rd7 Ke5 49.Ke3 Ke6 50.Rg7 Ke5
51.Rh7 f4+ 52.Kd3 Kd5 53.Rg7 Kc6 54.Ke4 Kb7 55.Kxf4 Rf8+ 56.Kg4 Re8 57.f4 Re1
58.Rh7 Rg1+ 59.Kf5 Rg3 60.Rxh6 Kxc7 61.Ra6 Rxb3 62.Rxa5 Kd6 63.h6  1-0

[Event "34th Olympiad"]
[Site "Istanbul TUR"]
[Date "2000.11.08"]
[Round "11"]
[White "Speelman,J"]
[Black "Nikolaidis,I"]
[Result "1/2-1/2"]
[WhiteElo "2623"]
[BlackElo "2512"]

1.Nf3 c5 2.b3 d5 3.e3 Nf6 4.Bb2 g6 5.c4 dxc4 6.Bxc4 Bg7 7.a3 O-O 8.b4 Qb6
9.Qb3 Nc6 10.Bc3 Ne4 11.Bxg7 Kxg7 12.Nc3 Nxc3 13.Qxc3+ f6 14.bxc5  1/2-1/2

[Event "Premier"]
[Site "Hastings ENG"]
[Date "2000.12.02"]
[Round "4"]
[White "Speelman,J"]
[Black "Plaskett,J"]
[Result "1-0"]
[WhiteElo "2623"]
[BlackElo "2525"]

1.Nf3 Nf6 2.c4 e6 3.Nc3 Bb4 4.e3 O-O 5.Be2 b6 6.O-O Bb7 7.Qc2 d5 8.b3 Nbd7
9.cxd5 exd5 10.Nb5 c6 11.a3 Be7 12.Nbd4 Re8 13.Nxc6 Bxc6 14.Qxc6 Nc5 15.d4 Nxb3
16.Rb1 Na5 17.Qa4 Ne4 18.Bd2 Nxd2 19.Nxd2 a6 20.Nb3 Nc4 21.Bxc4 dxc4 22.Qxc4 Bxa3
23.Ra1 b5 24.Qc6 Re6 25.Qf3 Bb4 26.Rfc1 Rf6 27.Qe4 Re6 28.Qf3 a5 29.Nc5 Rf6
30.Qe4 h6 31.h3 a4 32.Qb1 Qa5 33.Nb7 Qb6 34.Qxb4 Qxb7 35.Rc5 Rg6 36.d5 Qd7
37.Rxb5 Qxh3 38.Qe4 Qd7 39.Rxa4 Rxa4 40.Qxa4 Kh7 41.Qc4 Qh3 42.g3 Qf5 43.Rb3 Qf3
44.Qd3 h5 45.Rb4 Qf6 46.Rf4 Qe7 47.Qf5  1-0

[Event "Premier"]
[Site "Hastings ENG"]
[Date "2000.12.30"]
[Round "2"]
[White "Sasikiran,K"]
[Black "Speelman,J"]
[Result "1/2-1/2"]
[WhiteElo "2573"]
[BlackElo "2623"]

1.d4 e6 2.c4 Bb4+ 3.Nc3 Nc6 4.Nf3 d6 5.Bd2 Nf6 6.d5 Bxc3 7.Bxc3 Nb8 8.dxe6 Bxe6
9.e3 Nbd7 10.Qc2 Qe7 11.Nd4 a5 12.Be2 Nc5 13.b3 O-O 14.Nxe6 fxe6 15.f3 e5
16.O-O Kh8 17.a3 d5 18.b4 d4 19.exd4 exd4 20.Bxd4 Ne6 21.Bf2 axb4 22.axb4 Nf4
23.Rxa8 Rxa8 24.Bd3 Nxd3 25.Qxd3 Qxb4 26.Rb1 Qa3 27.Qf5 Qc3 28.h4 Qxc4  1/2-1/2

[Event "Premier"]
[Site "Hastings ENG"]
[Date "2001.01.02"]
[Round "5"]
[White "Ftacnik,L"]
[Black "Speelman,J"]
[Result "1/2-1/2"]
[WhiteElo "2608"]
[BlackElo "2623"]

1.Nf3 Nf6 2.c4 b6 3.g3 Bb7 4.Bg2 g6 5.O-O Bg7 6.Nc3 O-O 7.d4 Ne4 8.Nxe4 Bxe4
9.Be3 d5 10.Qc1 c6 11.Rd1 Nd7 12.Bh6 Rc8 13.Bxg7 Kxg7  1/2-1/2

[Event "Premier"]
[Site "Hastings ENG"]
[Date "2001.01.03"]
[Round "6"]
[White "Speelman,J"]
[Black "Beshukov,S"]
[Result "1/2-1/2"]
[WhiteElo "2623"]
[BlackElo "2428"]

1.c4 e6 2.Nf3 d5 3.d4 c6 4.Qc2 Nf6 5.Bg5 dxc4 6.Qxc4 Be7 7.Nbd2 b6 8.g3 O-O
9.Bg2 Ba6 10.Qc2 Nd5 11.Bxe7 Qxe7 12.a3 c5 13.dxc5 Rc8 14.Ne4 f5 15.Nc3 Nxc3
16.Qxc3 Rxc5 17.Qe3 Nc6 18.O-O Rd8 19.Rac1 Rxc1 20.Rxc1 Qd6 21.h4 h6 22.b4 Bb5
23.Bf1 Ba4 24.Rc3 Ne7 25.Qe5 Nc6 26.Qxd6 Rxd6 27.e3 Bd1 28.Kg2 Bxf3+ 29.Kxf3 Ne5+
30.Ke2 Rc6 31.Rxc6 Nxc6 32.Kd3 Ne5+ 33.Kd4 Nf3+ 34.Kc3 Kf7 35.Bg2 Ne5 36.Kd4 Kf6
37.f4 Nf7 38.h5 Nd6 39.a4 Nf7 40.e4 fxe4 41.Bxe4 Nd6 42.g4 Nf7 43.Bd3 Nd6
44.g5+ hxg5 45.fxg5+ Kxg5 46.Ke5 Ne8 47.Kxe6 Nf6 48.Kd6 Kxh5 49.Kc6 g5 50.Bf1 Kg4
51.Kb7 Kf3 52.Bh3 g4 53.Bxg4+ Kxg4 54.Kxa7 Nd5 55.a5 bxa5 56.bxa5 Kf5 57.Kb7 Nb4
58.a6 Nxa6 59.Kxa6  1/2-1/2

[Event "Premier"]
[Site "Hastings ENG"]
[Date "2001.01.05"]
[Round "8"]
[White "Speelman,J"]
[Black "Aronian,L"]
[Result "1/2-1/2"]
[WhiteElo "2623"]
[BlackElo "2551"]

1.Nf3 Nf6 2.c4 e6 3.Nc3 Bb4 4.e3 O-O 5.Be2 b6 6.O-O d5 7.a3 Bxc3 8.bxc3 Ba6
9.cxd5 Bxe2 10.Qxe2 exd5 11.c4 c5 12.Bb2 dxc4 13.Rfc1 Qd3 14.Kf1 Ne4 15.Rxc4 Qxe2+
16.Kxe2 Nd6 17.Rc2 Rc8 18.Rac1 Nd7 19.Ne5 Nxe5 20.Bxe5 Nb7 21.a4 Na5 22.Rb1 Nc6
23.Bc3 Rab8 24.Rcb2 Ne7 25.a5 Nd5 26.axb6 axb6 27.Ba5 Rc6 28.Rb5 h6 29.R1b2 Re6
30.g3 Rd6 31.f3 f5 32.f4 Kh7 33.Bc3 Nxc3+ 34.dxc3 Rc6 35.h3 h5 36.Kf3 Rd8
37.Rxb6 Rxb6 38.Rxb6 Rd3 39.c4 Rc3 40.Rc6 Rxc4 41.g4 fxg4+ 42.hxg4 h4 43.g5 h3
44.Kg3 Re4 45.Kxh3 Rxe3+ 46.Kg4 g6 47.Rxc5 Kg7  1/2-1/2

[Event "Dutch Open Blitzchess"]
[Site "Dordrecht NED"]
[Date "2001.02.24"]
[Round "7"]
[White "Lautier,J"]
[Black "Speelman,J"]
[Result "1-0"]
[WhiteElo "2658"]
[BlackElo "2604"]

1.d4 d6 2.c4 g6 3.Nc3 Bg7 4.e4 Nc6 5.d5 Nd4 6.Nge2 c5 7.Be3 Qb6 8.Na4 Qa5+
9.Bd2 Qd8 10.Nxd4 Bxd4 11.Nc3 Bd7 12.Bd3 Nf6 13.Ne2 O-O 14.Nxd4 cxd4 15.O-O e5
16.Bg5 Kg7 17.f4 h6 18.fxe5 hxg5 19.exf6+ Kh7 20.Qd2 Rh8 21.Qxg5 Kg8 22.e5 Rh5
23.Qg3 Kh8 24.e6 Be8 25.Rae1 b5 26.exf7 Bxf7 27.Re7 Qg8 28.Rxf7 Qxf7 29.Bxg6  1-0

[Event "German Team Cup"]
[Site "Luebeck GER"]
[Date "2001.03.25"]
[Round "2"]
[White "Speelman,J"]
[Black "Nenashev,A"]
[Result "1-0"]
[WhiteElo "2604"]
[BlackElo "2649"]

1.Nf3 Nf6 2.c4 e6 3.Nc3 d5 4.d4 Nbd7 5.cxd5 exd5 6.Bf4 c6 7.h3 Nb6 8.Qc2 g6
9.e3 Bf5 10.Bd3 Bxd3 11.Qxd3 Bg7 12.O-O Qe7 13.Bg5 O-O 14.Rfe1 Qe6 15.Bxf6 Qxf6
16.Rab1 Qd6 17.b4 a6 18.a4 f5 19.g3 Rac8 20.Nd2 Qe6 21.Kg2 Rc7 22.Nb3 Rfc8
23.Nc5 Qf7 24.b5 cxb5 25.axb5 a5 26.N3a4 Nxa4 27.Nxa4 Bf8 28.Nb6 Rc3 29.Qd2 Rc2
30.Qxa5 R8c3 31.Qa8 Qe7 32.Kg1 Qe4 33.Nd7 Qe7 34.Qxb7 Rd2 35.Qxd5+ Kg7 36.b6 Rcc2
37.b7 Rxf2 38.b8=Q Rg2+ 39.Qxg2  1-0

[Event "Bundesliga 2000-1"]
[Site "Luebeck GER"]
[Date "2001.04.28"]
[Round "14"]
[White "Speelman,J"]
[Black "Slobodjan,R"]
[Result "1/2-1/2"]
[WhiteElo "2594"]
[BlackElo "2529"]

1.Nf3 d5 2.b3 Bf5 3.Bb2 e6 4.e3 Nd7 5.Be2 h6 6.c4 c6 7.O-O Ngf6 8.d3 Bc5
9.Na3 O-O 10.Nc2 Bd6 11.cxd5 cxd5 12.Nfd4 Bh7 13.f4 a6 14.Rf2 e5 15.fxe5 Bxe5
16.Qd2 Re8 17.Raf1 Rc8 18.Ne1 Qe7 19.g3 Bd6 20.Ndc2 Be5 21.Nd4 Bd6  1/2-1/2

[Event "4NCL"]
[Site "Birmingham ENG"]
[Date "2001.05.05"]
[Round "9"]
[White "Speelman,J"]
[Black "Norwood,D"]
[Result "1-0"]
[WhiteElo "2594"]
[BlackElo "2508"]

1.d4 g6 2.c4 Bg7 3.Nf3 d6 4.Nc3 Nd7 5.e4 e5 6.Be2 Ne7 7.O-O O-O 8.Be3 h6
9.Qc2 f5 10.dxe5 f4 11.exd6 fxe3 12.dxe7 exf2+ 13.Rxf2 Qxe7 14.Nd5 Qd8 15.e5 c6
16.Qxg6 cxd5 17.Bd3 Rf4 18.Qh7+ Kf8 19.Nd4  1-0

[Event "4NCL"]
[Site "Birmingham ENG"]
[Date "2001.05.06"]
[Round "10"]
[White "Collinson,A"]
[Black "Speelman,J"]
[Result "1/2-1/2"]
[WhiteElo "2404"]
[BlackElo "2594"]

1.e4 c6 2.d4 d5 3.Nc3 dxe4 4.Nxe4 Nd7 5.Bc4 Ngf6 6.Nxf6+ Nxf6 7.c3 Qc7 8.Ne2 e6
9.Qd3 Bd6 10.Bg5 Bd7 11.Bh4 O-O-O 12.Bg3 h5 13.Bxd6 Qxd6 14.Qg3 Qxg3 15.hxg3 Rde8
16.f3 Kb8 17.Kf2 Rc8 18.Rad1 c5 19.dxc5 Rxc5 20.Bb3 Rhc8 21.Rd2 Bb5 22.Rhd1 a5
23.Nd4 Be8 24.a3 a4 25.Bc2 Nd5 26.Bd3 Nb6 27.Nc2 Bb5 28.Ne3 Bxd3 29.Rxd3 Rb5
30.R1d2 e5 31.Nf5 Nc4 32.Nd6 Nxd6 33.Rxd6 Rc6 34.Rxc6 bxc6 35.Ke1 Kc7 36.Re2 Kd6
37.Kd1 f5 38.Kc2 g6 39.Re1 Rd5 40.Re2 Rb5 41.Rd2+ Rd5 42.Re2 g5 43.b3 axb3+
44.Kxb3 g4 45.a4 gxf3 46.gxf3 Rd3 47.Rh2 Rxf3 48.Rxh5 e4 49.Kc4 e3 50.Kd3 Rxg3
51.Rxf5 e2+ 52.Kxe2 Rxc3  1/2-1/2

[Event "4NCL"]
[Site "Birmingham ENG"]
[Date "2001.05.07"]
[Round "11"]
[White "Nunn,J"]
[Black "Speelman,J"]
[Result "1/2-1/2"]
[WhiteElo "2578"]
[BlackElo "2594"]

1.e4 c6 2.d4 d5 3.e5 c5 4.dxc5 e6 5.Be3 Nh6 6.c3 Nf5 7.Bd4 Bd7 8.Nf3 Nc6
9.a3 a5 10.Be2 a4 11.O-O Be7 12.Nbd2 b6 13.b4 axb3 14.Nxb3 O-O 15.Qd3 Na5
16.Nxa5 Rxa5 17.cxb6  1/2-1/2

[Event "16th North Sea Cup"]
[Site "Esbjerg DEN"]
[Date "2001.07.11"]
[Round "6"]
[White "Sutovsky,E"]
[Black "Speelman,J"]
[Result "1-0"]
[WhiteElo "2651"]
[BlackElo "2603"]

1.e4 c6 2.d4 d5 3.e5 c5 4.Nf3 Nc6 5.Bb5 cxd4 6.Nxd4 Bd7 7.Nxc6 Bxc6 8.Bxc6+ bxc6
9.O-O e6 10.c4 Ne7 11.Qa4 Qd7 12.Nd2 Rb8 13.b3 Nc8 14.Rd1 Nb6 15.Qa5 dxc4
16.Bb2 cxb3 17.axb3 Nd5 18.Ne4 Be7 19.Rd3 Rb4 20.Nd6+ Bxd6 21.exd6 Re4 22.Rg3 e5
23.Rxg7 Kf8 24.Rg3 Re2 25.h3 Rg8 26.Qxa7 Qxa7 27.Rxa7 Rxg3 28.Ra8+ Kg7 29.d7 Nf4
30.Rg8+  1-0

[Event "16th North Sea Cup"]
[Site "Esbjerg DEN"]
[Date "2001.07.13"]
[Round "8"]
[White "Hansen,Cu"]
[Black "Speelman,J"]
[Result "1/2-1/2"]
[WhiteElo "2626"]
[BlackElo "2603"]

1.d4 Nf6 2.c4 e6 3.Nf3 Bb4+ 4.Bd2 a5 5.g3 d5 6.Qc2 b6 7.cxd5 exd5 8.Bg2 O-O
9.O-O Bxd2 10.Nbxd2 Re8 11.e3 Na6 12.a3 Bb7 13.Rac1 c5 14.Ne5 b5 15.Qf5 Qb6
16.dxc5 Nxc5 17.Ndf3 b4 18.Ng5 Bc8 19.Qf4 Ne6 20.Nxe6 Qxe6 21.Nc6 bxa3 22.bxa3 Bd7
23.Nd4 Qe7 24.Rc3 Rac8 25.Rd3 g6  1/2-1/2

[Event "Politiken Cup"]
[Site "Copenhagen DEN"]
[Date "2001.07.16"]
[Round "1"]
[White "Speelman,J"]
[Black "Paaske,A"]
[Result "1-0"]
[WhiteElo "2603"]
[BlackElo "2062"]

1.Nf3 Nf6 2.c4 c5 3.Nc3 d5 4.cxd5 Nxd5 5.e3 Nxc3 6.bxc3 g6 7.Bb5+ Bd7 8.Qb3 Qc7
9.Rb1 b6 10.d4 Bg7 11.O-O O-O 12.e4 Bxb5 13.Qxb5 Nd7 14.a4 Rfd8 15.Bg5 Re8
16.Rfc1 e6 17.h3 Rac8 18.a5 Rb8 19.Ra1 bxa5 20.Qxa5 Rb7 21.Qxc7 Rxc7 22.Rcb1 cxd4
23.cxd4 Nb6 24.Ra6 Rd7 25.Be3 Rc8 26.Rba1 Nc4 27.Rxa7 Rxa7 28.Rxa7 Nxe3 29.fxe3 Bh6
30.Ra3 Rc2 31.Kf1 Kf8 32.e5 f5 33.exf6 Kf7 34.Ne5+  1-0

[Event "Politiken Cup"]
[Site "Copenhagen DEN"]
[Date "2001.07.17"]
[Round "2"]
[White "Rossen,C"]
[Black "Speelman,J"]
[Result "1/2-1/2"]
[WhiteElo "2210"]
[BlackElo "2603"]

1.d4 e6 2.c4 b6 3.Nc3 Bb7 4.Nf3 Bb4 5.Qc2 Nf6 6.Bg5 O-O 7.a3 Bxc3+ 8.Qxc3 d6
9.Nd2 h6 10.Bh4 Nbd7 11.f3 d5 12.e3 Rc8 13.c5 bxc5 14.dxc5 c6 15.Bd3 Re8
16.O-O e5 17.Bf5 Rc7 18.f4 d4 19.exd4 exf4 20.Rfe1 g5 21.Bf2 Nf8 22.Nc4 Ree7
23.Nd6 Ne8 24.Qb4 a5 25.Qxa5 Nxd6 26.cxd6 Qxd6 27.Rxe7 Rxe7 28.Re1 Rxe1+
29.Qxe1 c5 30.Be4 Bxe4 31.Qxe4 Qb6 32.dxc5 Qxb2 33.Bd4 Qc1+ 34.Kf2 Qd2+ 35.Kf1 Qd1+
36.Kf2 Qd2+  1/2-1/2

[Event "Politiken Cup"]
[Site "Copenhagen DEN"]
[Date "2001.07.18"]
[Round "3"]
[White "Speelman,J"]
[Black "Lilja,R"]
[Result "1-0"]
[WhiteElo "2603"]
[BlackElo "2112"]

1.d4 Nf6 2.Bg5 e6 3.Nf3 h6 4.Bh4 b6 5.e3 Bb7 6.Nbd2 c5 7.c3 Be7 8.Bd3 Nc6
9.a3 O-O 10.O-O d6 11.Rc1 Nh5 12.Bg3 f5 13.b4 Qd7 14.b5 Na5 15.Re1 Rad8 16.a4 Nxg3
17.hxg3 e5 18.e4 fxe4 19.Bxe4 Bxe4 20.Nxe4 exd4 21.cxd4 d5 22.Ne5 Qe6 23.Nxc5 Qf5
24.Ncd3 Bd6 25.Nc6 Rc8 26.Nxa5 Rxc1 27.Qxc1 Qxd3 28.Nc6 a6 29.Re3 Qf5 30.Rf3 Qc8
31.Rxf8+ Bxf8 32.Ne7+  1-0

[Event "Politiken Cup"]
[Site "Copenhagen DEN"]
[Date "2001.07.23"]
[Round "9"]
[White "Speelman,J"]
[Black "McShane,L"]
[Result "1/2-1/2"]
[WhiteElo "2603"]
[BlackElo "2511"]

1.Nf3 Nf6 2.c4 g6 3.b4 Bg7 4.Bb2 O-O 5.e3 d6 6.Be2 e5 7.O-O Re8 8.Nc3 Nbd7
9.d3 Nf8 10.Rb1 c6 11.b5 c5 12.Nd2 h5 13.a4 Be6 14.Qc2 Rc8 15.Bf3 d5 16.cxd5 Nxd5
17.Nxd5 Bxd5 18.Bxd5 Qxd5 19.Nc4 Rcd8 20.Rfd1 Nh7 21.Rbc1 Ng5 22.b6 a6 23.Na5 Rc8
24.Qc4 Qd7 25.h4 Ne6 26.Qe4 Nd8 27.Ba3 Bf8 28.Rd2 f5 29.Qc4+ Ne6 30.Rdc2 Kh7
31.Nb3 Rc6 32.a5 Rd8 33.Bb2 Bg7 34.Nd2 Qxd3 35.Qxd3  1/2-1/2

[Event "Politiken Cup"]
[Site "Copenhagen DEN"]
[Date "2001.07.24"]
[Round "10"]
[White "Hector,J"]
[Black "Speelman,J"]
[Result "0-1"]
[WhiteElo "2552"]
[BlackElo "2603"]

1.e4 c6 2.d4 d5 3.Nd2 dxe4 4.Nxe4 Nd7 5.Ng5 Ngf6 6.Bc4 e6 7.Qe2 Nb6 8.Bd3 h6
9.N5f3 c5 10.Be3 Qc7 11.Ne5 a6 12.Ngf3 Nbd5 13.O-O Bd6 14.Nc4 Be7 15.dxc5 Bxc5
16.Bxc5 Qxc5 17.Qe5 O-O 18.a3 Rd8 19.b4 Qf8 20.Rad1 Bd7 21.Na5 b6 22.Nb7 Rdb8
23.Nd6 Ba4 24.Ne4 Ra7 25.Rd2 Nxe4 26.Qxe4 Nf6 27.Qe3 Nd5 28.Qd4 Rd7 29.Ne5 Rdd8
30.Qe4 f5 31.Qf3 Qf6 32.Re2 g5 33.b5 h5 34.Qxh5 Nf4 35.Qf3 Rd5 36.Nc6 Rf8
37.Rfe1 Nxe2+ 38.Qxe2 Bxb5 39.Nb4 Rd6 40.Bxb5 axb5 41.Qxb5 Qc3 42.Qe2 Ra8
43.h4 Rxa3 44.Nd5 Qg7 45.Qh5 Ra8 46.Ne3 gxh4 47.Nc4 Rc6 48.Qxh4 Qg4 49.Qh6 Rxc4
50.Qxe6+ Kh7 51.Qd7+ Kh8 52.Re3 Rg8 53.Rg3 Qh4 54.Rxg8+ Kxg8 55.Qe6+ Kf8
56.Qxf5+ Ke7  0-1

[Event "Politiken Cup"]
[Site "Copenhagen DEN"]
[Date "2001.07.25"]
[Round "11"]
[White "Speelman,J"]
[Black "Rustemov,A"]
[Result "1/2-1/2"]
[WhiteElo "2603"]
[BlackElo "2607"]

1.c4 e6 2.Nf3 d5 3.e3 Nf6 4.b3 Be7 5.Bb2 O-O 6.Be2 c5 7.O-O Nc6 8.cxd5 Nxd5
9.Nc3 Nxc3 10.Bxc3 b6 11.Qb1 Bf6 12.Bxf6 Qxf6 13.Bd3 g6 14.Be4 Bb7 15.a3 Rab8
16.b4 Ne5 17.Nxe5 Qxe5 18.Bxb7 Rxb7 19.bxc5 Qxc5 20.d4 Qd5 21.a4 a6 22.Rc1 e5
23.dxe5 Qxe5 24.Qc2 Rfb8 25.h3 b5 26.axb5 axb5 27.Qc5 Qe4 28.Rab1 b4 29.Rb3 Rb5
30.Qc6 Qf5 31.Rc4 Qe5 32.Qe4 Qa1+ 33.Qb1 Qa4 34.Rd4 R5b7 35.Qb2 Qa5 36.Rc4 Rb5
37.Rd4 Qb6 38.Rc4 Qd6 39.Rd4 Qe7 40.Qd2 R5b7 41.Kh1 h5 42.h4 Kh7 43.Kg1 Qc5
44.g3 Qa5 45.Kh2 Qa4 46.Qb2  1/2-1/2

[Event "4NCL"]
[Site "Birmingham ENG"]
[Date "2001.09.22"]
[Round "1"]
[White "Arkell,K"]
[Black "Speelman,J"]
[Result "1/2-1/2"]
[WhiteElo "2431"]
[BlackElo "2603"]

1.d4 Nf6 2.c4 e6 3.Nf3 Bb4+ 4.Bd2 a5 5.g3 d5 6.Qc2 Nc6 7.Bg2 dxc4 8.Qxc4 Qd5
9.Qxd5 exd5 10.O-O Bg4 11.e3 Ne4 12.Bc3 Ke7 13.Rc1 Rhc8 14.Nfd2 Nf6 15.a3 Bd6
16.Nf3 Be6 17.b3 Ne4 18.Be1 Nb8 19.Nc3 Nxc3 20.Bxc3 h6 21.Ne1 Nd7 22.Nf3 Kd8
23.b4 axb4  1/2-1/2

[Event "4NCL"]
[Site "Birmingham ENG"]
[Date "2001.09.23"]
[Round "2"]
[White "Speelman,J"]
[Black "Littlewood,P"]
[Result "1-0"]
[WhiteElo "2603"]
[BlackElo "2410"]

1.d4 d5 2.Nf3 Nf6 3.c4 e6 4.Bg5 Be7 5.e3 O-O 6.Nc3 h6 7.Bh4 b6 8.Bd3 Bb7
9.O-O c5 10.dxc5 bxc5 11.Rc1 Nbd7 12.Qe2 Qa5 13.cxd5 exd5 14.Rfd1 Rad8 15.Bb1 Rfe8
16.Qb5 Qb6 17.Bg3 Nh5 18.Qxb6 Nxb6 19.Bc7 Rd7 20.Be5 Bf6 21.Bxf6 Nxf6 22.Bf5 Rdd8
23.Nb5 c4 24.Nfd4 g6 25.Bc2 a6 26.Nc3 Rb8 27.Re1 Kg7 28.f3 Red8 29.Kf2 Rd6
30.g4 Nbd7 31.h4 Nc5 32.b4 cxb3 33.axb3 Bc8 34.Ra1 Be6 35.Ra3 Nfd7 36.Nce2 Rdb6
37.Rea1 Rc8 38.Kg3 Rb4 39.Ra5 Rb6 40.Nf4 Ne5 41.b4 Ncd7 42.Rxa6 Rxb4 43.Nfxe6+ fxe6
44.Rxe6 Rc3 45.Ra7 Kf8 46.Bxg6 Rxe3 47.Re8+ Kg7 48.Rxe5 Rxe5 49.Rxd7+ Kxg6
50.Nc6  1-0

[Event "EuTCh"]
[Site "Leon ESP"]
[Date "2001.11.11"]
[Round "6"]
[White "Speelman,J"]
[Black "Tiviakov,S"]
[Result "1/2-1/2"]
[WhiteElo "2596"]
[BlackElo "2599"]

1.d4 Nf6 2.Nf3 e6 3.c3 c5 4.Bg5 d5 5.e3 Nbd7 6.Nbd2 Be7 7.Bd3 Qc7 8.O-O O-O
9.Rc1 h6 10.Bh4 b6 11.c4 Ba6 12.b4 dxc4 13.Nxc4 Qb7 14.bxc5 bxc5 15.Rb1 Qc8
16.Qc2 cxd4 17.exd4 Qd8  1/2-1/2

[Event "4NCL"]
[Site "Birmingham ENG"]
[Date "2002.01.19"]
[Round "5"]
[White "Pert,N"]
[Black "Speelman,J"]
[Result "1/2-1/2"]
[WhiteElo "2475"]
[BlackElo "2609"]

1.d4 d6 2.g3 e5 3.dxe5 dxe5 4.Qxd8+ Kxd8 5.Bg2 c6 6.f4 Nd7 7.Nc3 Ngf6 8.Nf3 Bd6
9.fxe5 Nxe5 10.Bg5 Nxf3+ 11.exf3 Re8+ 12.Ne4 Kc7 13.Bxf6 gxf6 14.O-O-O Be7
15.Rhe1 Be6 16.a3 f5 17.Nc3 f4 18.gxf4 Bd6 19.Re4 b6 20.Rde1 Rg8 21.Bf1 Bf5
22.Rd4 Rg1 23.Ne2 Re8 24.Rxd6 Rxe2 25.Rxe2 Kxd6 26.Re1 a5 27.b4 axb4 28.axb4 Rh1
29.Rd1+ Ke7 30.Bd3 Rxd1+ 31.Kxd1 Bxd3 32.cxd3 Ke6 33.Kd2 Kd5 34.Kc3 c5 35.f5 f6
36.Kb3 h5 37.h4 cxb4 38.Kxb4 Kc6 39.Kb3 Kd5 40.Kb4 Kc6 41.Kb3  1/2-1/2

[Event "4NCL"]
[Site "Birmingham ENG"]
[Date "2002.01.20"]
[Round "6"]
[White "Hodgson,Ju"]
[Black "Speelman,J"]
[Result "1/2-1/2"]
[WhiteElo "2587"]
[BlackElo "2609"]

1.c4 c5 2.g3 g6 3.Bg2 Bg7 4.Nc3 Nc6 5.a3 d6 6.Rb1 Bd7 7.d3 a5 8.Nf3 Nf6 9.O-O O-O
10.Ne1 Qc8 11.Bg5 Bh3 12.Bxf6 Bxf6 13.Nd5 Rb8 14.Qa4 Re8 15.b4 axb4 16.axb4 Nxb4
17.Nxb4 cxb4 18.Rxb4 Bg4 19.Nf3 Bd7 20.Qb3 Bc6 21.e3 Ra8 22.d4 Ra7 23.Nd2  1/2-1/2

[Event "Bundesliga 2001-2"]
[Site "Porz GER"]
[Date "2002.02.23"]
[Round "8"]
[White "Speelman,J"]
[Black "Luther,T"]
[Result "0-1"]
[WhiteElo "2596"]
[BlackElo "2573"]

1.c4 e6 2.Nf3 d5 3.b3 Nf6 4.Bb2 Be7 5.g3 O-O 6.Bg2 c5 7.cxd5 exd5 8.d4 Nc6
9.O-O Ne4 10.Nc3 Bf6 11.Na4 b6 12.Rc1 Re8 13.dxc5 Bxb2 14.Nxb2 bxc5 15.Nd2 Qf6
16.Na4 Ba6 17.Nxe4 dxe4 18.Qd2 Rad8 19.Qe3 Nd4 20.Rfe1 c4 21.bxc4 Qe5 22.Bf1 Qa5
23.Red1 Nxe2+ 24.Qxe2 Qxa4 25.Rxd8 Rxd8 26.Qxe4 Qxa2 27.Rd1 Rf8 28.Qe7 g6
29.Rd6 h5 30.Rd4 Kg7 31.Qe5+ Kg8 32.g4 Qa1 33.gxh5 Bxc4  0-1

[Event "Bundesliga 2001-2"]
[Site "Porz GER"]
[Date "2002.02.24"]
[Round "9"]
[White "Beliavsky,A"]
[Black "Speelman,J"]
[Result "1-0"]
[WhiteElo "2649"]
[BlackElo "2596"]

1.d4 Nf6 2.c4 e6 3.Nf3 d5 4.Nc3 Nbd7 5.cxd5 exd5 6.Bf4 c6 7.e3 Nh5 8.Bg5 Be7
9.Bxe7 Qxe7 10.Be2 g6 11.O-O O-O 12.Ne1 Ng7 13.Nd3 Nf6 14.b4 a6 15.a4 Bf5
16.Qb3 h5 17.b5 axb5 18.axb5 Bxd3 19.Bxd3 Ng4 20.Rxa8 Rxa8 21.Qc2 Qd6 22.g3 h4
23.Be2 Nf6 24.bxc6 bxc6 25.Rc1 hxg3 26.hxg3 Nf5 27.Bf3 Kg7 28.Ne2 Ra6 29.Nf4 Rb6
30.Nd3 Qa3 31.Ne5 Nxe3 32.fxe3 Qxe3+ 33.Kg2 Qxd4 34.Nxc6 Rxc6 35.Qxc6 Qd2+
36.Kf1 Qd3+ 37.Kg2 Qd2+ 38.Kf1 Qd3+ 39.Be2 Qxg3 40.Rc3 Qf4+ 41.Rf3 Qh4 42.Qc3 d4
43.Rh3 Qf4+ 44.Qf3 Qe5 45.Bd3 Nd5 46.Qe4 Qf6+ 47.Rf3 Ne3+ 48.Kf2 Qb6 49.Qe5+ f6
50.Qe7+ Kh6 51.Rh3+ Kg5 52.Rg3+ Ng4+ 53.Rxg4+ Kxg4 54.Qe4+ Kg5 55.Qxg6+ Kh4
56.Qg3+ Kh5 57.Qh3+ Kg5 58.Qf5+ Kh4 59.Qf4+ Kh5 60.Kg3  1-0

[Event "German Team Cup"]
[Site "Baden-Baden GER"]
[Date "2002.03.09"]
[Round "1"]
[White "Speelman,J"]
[Black "Markgraf,A"]
[Result "1-0"]
[WhiteElo "2596"]
[BlackElo "2285"]

1.Nf3 g6 2.e4 Bg7 3.d4 c6 4.h3 d5 5.Nbd2 Nf6 6.e5 Nfd7 7.Bd3 f6 8.exf6 exf6
9.O-O O-O 10.Re1 Re8 11.Nf1 Nf8 12.Be3 Nbd7 13.Qd2 Nb6 14.b3 Be6 15.Bh6 Qd6
16.Ng3 Bf7 17.Bxg7 Kxg7 18.Nh4 Qc7 19.a4 Rad8 20.Rxe8 Rxe8 21.Re1 Rxe1+ 22.Qxe1 Ne6
23.Nf3 Nc8 24.Bf1 Ne7 25.a5 Qd6 26.b4 Nc8 27.c3 Ne7 28.Qe3 Qf4 29.Qe1 Qd6
30.Nd2 Qc7 31.Nb3 Qd6 32.Nc5 Nxc5 33.dxc5 Qe6 34.Qxe6 Bxe6 35.a6 Bc8 36.axb7 Bxb7
37.Bd3 Kf7 38.Ne2 Ke6 39.Nd4+ Kd7 40.h4 Ng8 41.Kh2 Ne7 42.g4 Bc8 43.Kg3 Ke8
44.g5 Kf7 45.f4 Bd7 46.Ba6 Kg7 47.Bb7 Kf7 48.Kf2 Kg7 49.Ke3 Kf7 50.Kd2 Kg7
51.Kc2 Kf7 52.Kb3 fxg5 53.fxg5 Ke8 54.Kc2 Kd8 55.Kd2 Kc7 56.Ba6 Ng8 57.Ke3  1-0

[Event "German Team Cup"]
[Site "Baden-Baden GER"]
[Date "2002.03.10"]
[Round "2"]
[White "Speelman,J"]
[Black "Huebner,R"]
[Result "1-0"]
[WhiteElo "2596"]
[BlackElo "2628"]

1.Nf3 d5 2.b3 Bg4 3.e3 Nd7 4.Bb2 Ngf6 5.h3 Bh5 6.d3 e6 7.Nbd2 Bg6 8.g3 Bd6
9.Bg2 Qe7 10.a3 O-O 11.Qe2 c6 12.e4 e5 13.Nh4 Rfe8 14.O-O Nf8 15.Rfe1 Rad8
16.exd5 cxd5 17.c4 Bb8 18.d4 dxc4 19.dxe5 cxb3 20.Nxb3 N6d7 21.f4 Nc5 22.Nxg6 hxg6
23.Nxc5 Qxc5+ 24.Kh2 g5 25.f5 Qa5 26.Qe3 Qd2 27.Bc3 Qc2 28.e6 fxe6 29.Rac1 Qxf5
30.Be4 Qf7 31.Qxg5 Qe7 32.Qh5 Qf7 33.Qxf7+ Kxf7 34.Bxb7 Rd3 35.Rf1+ Kg8 36.Rf3 Rxf3
37.Bxf3 Rc8 38.Bd2 Rd8 39.Bb4 Ng6 40.Bg4 Nf8 41.Kg2 Bd6 42.Rd1 Bc7 43.Rxd8 Bxd8
44.h4 Kf7 45.Bd1 Be7 46.Kf3 Nd7 47.Ke4 a5 48.Bxe7 Kxe7 49.g4 Kd6 50.g5 Nc5+
51.Kf4 Nd3+ 52.Ke3 Nc5 53.h5 Ke5 54.Bc2 Nd7 55.Kd2 Kf4 56.h6 gxh6 57.gxh6 Ne5
58.h7 Nf7 59.Kc3 e5 60.Kc4 e4 61.Kb5 e3 62.Bd3 Ke5 63.Kxa5 Kf6 64.Kb6 Kg7
65.a4 Ne5 66.Bf1 Nd7+ 67.Kc6 Ne5+ 68.Kb6  1-0

[Event "Bundesliga 2001-2"]
[Site "Hamburg GER"]
[Date "2002.04.27"]
[Round "14"]
[White "Stohl,I"]
[Black "Speelman,J"]
[Result "1/2-1/2"]
[WhiteElo "2539"]
[BlackElo "2596"]

1.c4 b6 2.d4 Bb7 3.Nc3 e6 4.a3 Nf6 5.Nf3 Ne4 6.Nxe4 Bxe4 7.e3 Be7 8.Bd3 Bxd3
9.Qxd3 O-O 10.O-O d6 11.e4 Nd7 12.Be3 Qc8 13.Rfd1 Qb7 14.d5 Bf6 15.Rab1 a5
16.b4 axb4 17.axb4 Qa6 18.h3 Rfe8 19.dxe6 Rxe6  1/2-1/2

[Event "ch-GBR"]
[Site "Torquay ENG"]
[Date "2002.08.03"]
[Round "6"]
[White "Pert,N"]
[Black "Speelman,J"]
[Result "1/2-1/2"]
[WhiteElo "2460"]
[BlackElo "2583"]

1.d4 Nf6 2.c4 e6 3.Nf3 Bb4+ 4.Bd2 a5 5.g3 d5 6.Qc2 Nc6 7.Bg2 dxc4 8.Qxc4 Qd5
9.Qd3 Qe4 10.Qxe4 Nxe4 11.Bc3 Bd7 12.O-O Ke7 13.Rc1 Rhd8 14.e3 f6 15.Nbd2 Bxc3
16.bxc3 Nxd2 17.Nxd2 Rab8 18.Rab1 b6 19.Rb2 Na7 20.f4 Bc6 21.e4 Ba8 22.Kf2 Nc8
23.Bf3 Nd6 24.Rcb1 e5 25.Ke3 Bb7 26.Rc1 Re8 27.dxe5 fxe5 28.c4 exf4+ 29.gxf4 Kf8
30.c5 Nf5+ 31.Kf2 Nd4 32.cxb6 cxb6 33.Bg2 b5 34.e5 Bxg2 35.Kxg2 Ne2 36.Rf1 Nc3
37.Rf3 Rbc8 38.Nb3 a4 39.Nd4 Rc5 40.Rc2 b4 41.a3 b3 42.Nxb3 axb3 43.Rcxc3 Rxc3
44.Rxc3 Rb8 45.Rc1 b2 46.Rb1 Rb3 47.a4 Kf7 48.f5 g6 49.f6 Re3 50.Rxb2 Rxe5
51.Rb7+ Kxf6 52.Rxh7 Re2+ 53.Kg3 Re3+ 54.Kf2  1/2-1/2